Telefonvorwahlen der bekanntesten Städte - Statistiken

Allgemein
  • Dieses Quiz wurde 12 mal gespielt
  • Das Durchschnittsergebnis liegt bei 5 aus 59
Antwortstatistiken
Hint Antwort % Korrekt
30 Berlin
83%
89 München (Munich)
83%
40 Hamburg
75%
69 Frankfurt am Main
58%
22 Köln (Cologne)
33%
42 Bremen
25%
21 Düsseldorf
25%
20 Essen
25%
37 Chemnitz
17%
23 Dortmund
17%
35 Dresden
17%
34 Leipzig
17%
38 Rostock
17%
71 Stuttgart
17%
72 Karlsruhe
8%
39 Magdeburg
8%
68 Saarbrücken
8%
98 Ansbach
0%
82 Augsburg
0%
67 Bad Kreuznach
0%
74 Balingen
0%
95 Bamberg
0%
92 Bayreuth
0%
70 Böblingen
0%
81 Böblingen
0%
47 Bremerhaven
0%
49 Cuxhaven
0%
99 Deggendorf
0%
36 Erfurt
0%
46 Flensburg
0%
76 Freiburg im Breisgau
0%
66 Fulda
0%
88 Garmisch-Partenkirchen
0%
64 Gießen
0%
84 Ingolstadt
0%
63 Kaiserslautern
0%
83 Kempten
0%
43 Kiel
0%
87 Landshut
0%
77 Lörrach
0%
45 Lübeck
0%
62 Mannheim/Ludwigshafen
0%
97 Memmingen
0%
48 Neumünster
0%
90 Nördlingen
0%
91 Nürnberg
0%
78 Offenburg
0%
44 Oldenburg
0%
85 Passau
0%
33 Potsdam
0%
75 Ravensburg
0%
94 Regensburg
0%
79 Schwäbisch Hall
0%
86 Traunstein
0%
65 Trier
0%
73 Ulm
0%
96 Weiden in der Oberpfalz
0%
61 Wiesbaden/Mainz
0%
93 Würzburg
0%
Keine übereinstimmenden Quizze gefunden
Verteilung der Resultate
Anzahl Personen mit jedem Resultat
Perzentil nach korrekt beantworteten Fragen
Ihre Resultats-Entwicklung
Sie haben dieses Quiz noch nicht gespielt